| 000 | 00558nam a2200193Ia 4500 | ||
|---|---|---|---|
| 003 | GCL | ||
| 008 | 140319s9999 xx 000 0 eng d | ||
| 040 |
_aGCL / _cGCL |
||
| 082 | 0 | 4 |
_a621.03 _bB M |
| 100 | 1 | _aSHARMA, S.K. | |
| 245 | 1 | 0 |
_aMACHANICAL ENGINEERING HANDBOOK: A TEXT BOOK FOR ENGINEERING STUDENTS / _cSHARMA, S.K. |
| 700 | 1 | _aBANGA, T. R. | |
| 700 | 1 | _aMANGHNANI, TAHIL | |
| 260 |
_a[S.N] : _bKHANNA PUBLISHERS ، _c1994 |
||
| 300 | _a953 P | ||
| 650 | 0 | 4 | _aالتحليل الرياضى |
| 650 | 0 | 4 | _aMECHANICS ENGINEERING |
| 942 |
_2ddc _cBK |
||
| 999 |
_c20534 _d20534 |
||